000 00547nam a2200193Ia 4500
005 20250507130313.0
008 008 250505s9999 xx 000 0 eng d
037 _aSeries Article
040 _aEASL
_beng
_cEASL
041 _aeng
_2eng
084 _qEASL
100 _aPan Mei-Lin
_9674566
245 0 _aChanging character and survival strategies of the Chinese community in India
260 _aUK
_bLondon Sage Publications
_c2014
300 _a233-242 Pp.
650 _aChina
942 _cSRA
999 _c1318875
_d1318875